Piping handbook /

Guardado en:
Otros Autores: King, Reno C., (Editor , ed.), Crocker, Sabin, 1893-, (Editor , ed.), Walker, J. H. 1890-, (Editor , ed.)
Formato: Libro
Idioma:English
Publicado: New York : McGraw-Hill, c1967.
Edición:5th ed.
Materias:
Etiquetas: Agregar Etiqueta
Sin Etiquetas, Sea el primero en etiquetar este registro!
LEADER 00899cam a22002535a 4500
001 EIQ.libpla001754
008 731003s1967####nyua#####bf###000#0#eng#d
005 20061219195339.0
245 0 0 |a Piping handbook /  |c [edited by] Reno C. King. 
250 |a 5th ed. 
260 |a New York :  |b McGraw-Hill,  |c c1967. 
300 |a 1 v. (en varias paginaciones) :  |b il. ;  |c 23 cm. 
500 |a 3a ed. por J. H. Walker y S. Crocker; 4a ed. por S. Crocker. 
504 |a Incluye referencias bibliográficas. 
020 |z 070138419 
700 1 |a King, Reno C.,  |e ed.  |4 edt 
700 1 |a Crocker, Sabin,  |d 1893-,  |e ed.  |4 edt 
700 1 |a Walker, J. H.  |q (James Herbert),  |d 1890-,  |e ed.  |4 edt 
082 0 0 |a 621.8/672 
650 4 |a Tubería  |x Handbooks, manuales, etc. 
650 4 |a Pipe  |x Handbooks, manuals, etc. 
010 |a  65017390  
040 |a DLC  |c DLC  |d AR-BbSID 
859 |a AR-BbSID  |b BIB. PLAPIQUI  |h 621.026  |i P 66  |k R  |p 771